000 01024nam a2200289 a 4500
003 BLK
005 20250616122652.0
008 230502b bu |||||r|||| 00| | bu d
020 _a9789543898138
040 _aBLK
041 _aBUL
_cBUL
080 _aАмериканска литература (на САЩ)
_b821.111(73)
_x-31
_z821.111(73)-31
084 _aС 48
100 _9487505
_aСноу, Никол
245 _aБедствието
_cНикол Сноу ; прев. от англ. Милена Тодорова
260 _9209478
_bЕра
_aСофия
_c2024
300 _a448 с.
_c20 см
380 _aX
500 _aОриг. загл.: One bossy disaster / Nikole Snow
700 _9481247
_aТодорова, Милена Ивова
852 _bП
_c821-31/С 48 Н
856 _i0.00
_ldisable
942 _cKNG
_n0
_s0
_019
944 _cКети Илиева
_k30576
_lЦветомила Тодорова
999 _c522220
_d522220
999 _d522220